The Flight of the Shepherd /
Gorde:
| Egile nagusia: | |
|---|---|
| Formatua: | Texto |
| Hizkuntza: | Spanish |
| Argitaratua: |
Amsterdam:
Aksant,
2005
|
| Saila: | Latin American Studies
número 93 |
| Etiketak: |
Etiketa erantsi
Etiketarik gabe, Izan zaitez lehena erregistro honi etiketa jartzen!
|
MARC
| LEADER | 00000 a a2200000 04500 | ||
|---|---|---|---|
| 001 | 32081 | ||
| 003 | cru CIDCACS/IIS | ||
| 005 | 20231129110301.0 | ||
| 008 | 231129b |||||||| |||| 00| 0 spa d | ||
| 040 | |c cru CIDCACS/IIS | ||
| 090 | |a 20074.00 | ||
| 100 | 1 | |a Ouweneel, Arij |9 11773 |e Autor | |
| 245 | 1 | 4 | |a The Flight of the Shepherd / |c Arij Ouweneel |
| 260 | |a Amsterdam: |b Aksant, |c 2005 | ||
| 300 | |a 255 p. | ||
| 440 | |a Latin American Studies |9 11774 |v número 93 | ||
| 942 | |2 ddc |c LI | ||
| 999 | |c 12941 |d 12941 | ||
